1992 - The Single European Market (Record no. 5296)
[ view plain ]
| 000 -LEADER | |
|---|---|
| fixed length control field | 01218cam a22001814a 4500 |
| 005 - ΗΜΕΡΟΜΗΝΙΑ ΚΑΙ ΩΡΑ ΤΕΛΕΥΤΑΙΑΣ ΕΝΗΜΕΡΩΣΗΣ | |
| Πεδίο ελέγχου | 20250605163458.0 |
| 008 - FIXED-LENGTH DATA ELEMENTS--GENERAL INFORMATION | |
| Πεδίο ελέγχου σταθερού μήκους | 250528s ||||||||||||||||||||||||d |
| 035 ## - SYSTEM CONTROL NUMBER | |
| System control number | 20157 |
| 020 ## - ISBN | |
| ISBN | 946559457 |
| 040 ## - ΠΗΓΗ ΚΑΤΑΛΟΓΟΓΡΑΦΗΣΗΣ | |
| Φορέας πρωτότυπης καταλογογράφησης | MC Athens Campus Library |
| Γλώσσα καταλογογράφησης | Ελληνικά, Μοντέρνα (1453-) |
| Modifying agency | MC Athens Campus Library |
| Κανόνες περιγραφικής καταλογογράφησης | AACR2 |
| 245 1# - ΤΙΤΛΟΣ ΚΑΙ ΔΗΛΩΣΗ ΥΠΕΥΘΥΝΟΤΗΤΑΣ | |
| Τίτλος | 1992 - The Single European Market |
| 260 ## - PUBLICATION, DISTRIBUTION, ETC. | |
| Name of publisher, distributor, etc. | Ifr Publishing Ltd, |
| Date of publication, distribution, etc. | 1992 |
| 300 ## - PHYSICAL DESCRIPTION | |
| Extent | 270 |
| 520 ## - SUMMARY, ETC. | |
| Summary, etc. | Foreword, The Scope of this Study, Europe - One Complete Market, New Rules for a Market without Frontiers, Market Structure in the UK, Market Structure in the Federal Republic of Germany, Market Structure in France, Market Structure in the Netherlands, Community Objectives and Plans for Banking, Implementation of the New Banking Directive Constraints and Opportunities, Europe 1992 - the Implications for banks and financial services, Development in Spain, Implications of the Single European Act for Ireland, Implications of the Single European Act for Greece, Implications of the Single European Act for Portugal, Community Objectives and Plans for Insurance, The Luxemburgh Experience, Switzerland - a View from the Periphery, The Challenge for the European Financial Services Industry. |
| 942 ## - ADDED ENTRY ELEMENTS (KOHA) | |
| Koha item type | Books |
| Τύπος τεκμηρίου | Βιβλιοθήκη | Τρέχουσα τοποθεσία | Barcode | Αριθμός εισαγωγής | Ημερομηνία απόκτησης | Ταξιθετικό σύμβολο | Αριθμός αντιτύπου | Κατάσταση απόσυρσης | Κατάσταση χαμένου | Κατάσταση κατεστραμμένου | Μη δανεισμός | Σύνολο δανεισμών | Ημερομηνία τελευταίας εμφάνισης | Η τιμή ισχύει από |
|---|---|---|---|---|---|---|---|---|---|---|---|---|---|---|
| Books | MC Athens Campus Library | MC Athens Campus Library | 9780000052957 | 6393 | 05/06/2025 | 337.1/42 IFR | 1 | 05/06/2025 | 05/06/2025 |